| 000 | 00453nam a22001457a 4500 | ||
|---|---|---|---|
| 003 | GBCCL | ||
| 005 | 20251209144641.0 | ||
| 008 | 251209b |||||||| |||| 00| 0 eng d | ||
| 040 | _cGBC | ||
| 082 |
_aMAG SIA _b2025 |
||
| 245 |
_aSiamsinpawlpi annual magazine : volum LX: 2024-2025 : _bTak-Heh ! Hanchiam in, Siamsin ni ! / _cedited by T Thangkhansiam |
||
| 260 |
_aLamka : _bSSPP general headquarters, _c2025 |
||
| 300 | _a206P. ; | ||
| 942 |
_2ddc _cARCH _n0 |
||
| 999 |
_c11107 _d11107 |
||